US President Nickname Click Quiz - Statistics

General Stats
  • This quiz has been taken 139 times
  • The average score is 13 of 45
Answer Stats
Hint Answer % Correct
Papa Bush George H. W. Bush
87%
Telescope Teddy Theodore Roosevelt
83%
Landslide Lyndon Lyndon B Johnson
80%
The Peanut Farmer Jimmy Carter
76%
Nobama Barack Obama
74%
Give 'Em Hell Harry Harry Truman
70%
Cautious Cal Calvin Coolidge
67%
Ike Dwight D. Eisenhower
65%
Father of His Country George Washington
65%
Wobbly Warren Warren G. Harding
63%
Junior George W. Bush
61%
Amtrak Joe Joe Biden
61%
Tricky Dick Richard Nixon
61%
Jack John F Kennedy
48%
Handsome Frank Franklin Pierce
43%
Old Hickory Andrew Jackson
33%
Slick Willie Bill Clinton
28%
Big Bill William Taft
24%
Blue Whiskey Van Martin Van Buren
20%
The Teflon President Ronald Reagan
20%
The Rail-Splitter Abraham Lincoln
17%
Tippecanoe William Henry Harrison
17%
President Snowflake Donald Trump
15%
Big Steve Grover Cleveland
13%
His Accidency John Tyler
13%
Old Rough and Ready Zachary Taylor
13%
His Little Majesty James Madison
11%
Grandfather’s Hat Benjamin Harrison
9%
Era of Good Feelings President James Monroe
9%
His Fraudulency Rutherford B. Hayes
9%
Mr. Nice Guy Gerald Ford
7%
Ten-Cent Jimmy James Buchanan
7%
Mad Old Man From Massachusetts John Quincy Adams
7%
Idol of Ohio William McKinley
7%
Boatman Jim James Garfield
4%
Young Hickory James Polk
4%
The Phrasemaker Woodrow Wilson
4%
Sir Veto Andrew Johnson
2%
Walrus Chester A. Arthur
2%
The Chief Herbert Hoover
2%
Colossus of Independence John Adams
2%
Sphinx Franklin D. Roosevelt
0%
Wool Carder President Millard Fillmore
0%
Red Fox Thomas Jefferson
0%
Little Beauty Ulysses S. Grant
0%
No matching quizzes found
Score Distribution
Percent of People with Each Score
Percentile by Number Answered
Your Score History
You have not taken this quiz